000 00683nam a2200193Ia 4500
008 090124s9999 xx 000 0 und d
082 _b128416
100 _aकोल्हटकर श्रीपद कृष्ण
245 _a सुदाम्याचे पोहे
250 _a1
260 _c1996
300 _a84
600 _aकोल्हटकर श्रीपद कृष्ण
630 _a सुदाम्याचे पोहे
700 _aकोल्हटकर श्रीपद कृष्ण
700 _aकुलकर्णी रंगनाथ
730 _a सुदाम्याचे पोहे
942 _cBOOK
999 _c174505
_d174505